English sociological texts / Blanka Nováčková
Record details
- ISBN: 80-7184-216-8
- Physical Description: 224 s. ; 30 cm
- Edition: 1. vyd.
- Publisher: Praha : Karolinum, 1996
Content descriptions
| General Note: | 500 výt. Terminologický slovníček |
| Bibliography, etc. Note: | Bibliogr. |
| Target Audience Note: | Skripta pro posl. fakulty sociálních věd UK |
Search for related items by subject
| Subject: | sociologie angličtina odborné texty |
| Genre: | učebnice vysokých škol |
Available copies
- 2 of 2 copies available at Common Catalog SPOK.
Holds
- 0 current holds with 2 total copies.
Show All Copies
| Location | Call Number / Copy Notes | Barcode | Shelving Location | Status | Due Date |
|---|---|---|---|---|---|
| Department of Languages | AU | 424480000413 | Příruční knihovna (KJZ) - ptejte se knihovníka | Available | - |
| Jabok Library | JZ-4.2/N | 424480005862 | Odborná literatura | Available | - |
| LDR | 01090nam a2200361 a 4500 | ||
|---|---|---|---|
| 001 | 2827 | ||
| 003 | CZ-PrJAB | ||
| 005 | 20160214082642.0 | ||
| 007 | tu | ||
| 008 | 970314s1996 xr e p 000 0 eng | ||
| 015 | . | ‡acnb000183147 | |
| 020 | . | ‡a80-7184-216-8 ‡q(brož.) : ‡cKč 87,00 | |
| 035 | . | ‡a(CZ PrNK)cpk19960183147 | |
| 035 | . | ‡a(OCoLC)84926357 | |
| 040 | . | ‡aABA001 ‡bcze | |
| 072 | 7. | ‡a811.111 ‡xAngličtina ‡2Konspekt ‡911 | |
| 080 | . | ‡a316 ‡2undef | |
| 080 | . | ‡a802.0-3 ‡2undef | |
| 100 | 1 | . | ‡aNováčková, Blanka, ‡d1947- ‡7skuk0001015 ‡4aut |
| 245 | 1 | 0. | ‡aEnglish sociological texts / ‡cBlanka Nováčková |
| 250 | . | ‡a1. vyd. | |
| 260 | . | ‡aPraha : ‡bKarolinum, ‡c1996 | |
| 300 | . | ‡a224 s. ; ‡c30 cm | |
| 500 | . | ‡a500 výt. | |
| 500 | . | ‡aTerminologický slovníček | |
| 504 | . | ‡aBibliogr. | |
| 521 | . | ‡aSkripta pro posl. fakulty sociálních věd UK | |
| 650 | 0 | 7. | ‡asociologie ‡7ph116198 ‡2czenas |
| 650 | 0 | 7. | ‡aangličtina ‡7ph114056 ‡2czenas |
| 650 | 0 | 7. | ‡aodborné texty ‡7ph123679 ‡2czenas |
| 655 | 7. | ‡aučebnice vysokých škol ‡7fd133772 ‡2czenas | |
| 910 | . | ‡aABG312 | |
| 901 | . | ‡a2827 ‡bUnknown ‡c2827 ‡tbiblio | |